000 01117nam a2200361 i 4500
001 198468
003 ES-MaACL
005 20260618151908.0
007 ta
008 260618s1979 sp ||||| |||| 001 0 spa d
017 _aB 30735-1979
020 _a84-320-7123-4
_qcartoné
020 _a84-320-6797-9
_qrústica
040 _aES-MaACL
_bspa
_cES-MaACL
_erda
080 _a821.134.2-31"19"
100 1 _aConde, Carmen,
_d1907-1996
_4aut
_940088
_eaut
245 1 0 _aCreció espera la yerba... :
_bnovela /
_cCarmen Conde
250 _aPrimera edición: octubre de 1979
264 1 _aBarcelona :
_bPlaneta,
_c1979
264 4 _c©1979
300 _a180 páginas ;
_c21 cm
336 _2rdacontent
_aTexto
337 _2rdamedia
_asin mediación
338 _2rdacarrier
_avolumen
490 0 _aColección Narrativa ;
_v23
500 _aRegistro provisional
500 _aÍndice
655 4 _aNovelas
_9234319
852 _aES-MaACL
_cDES
_jDB-239
_xEncuadernación cartoné
_9207498
942 _cMONOGRAFIA
_n0
999 _c198468
_d198468